[Event "XVI C.to Italiano U20"]
[Site "Bratto - Castione della Presolana ITA"]
[Date "2008.08.28"]
[Round "7"]
[White "Sellitti, Federico"]
[Black "Guidi, Giacomo"]
[Result "1-0"]
[WhiteElo "2158"]
[BlackElo "1526"]
[PlyCount "105"]
[EventDate "2008.08.22"]

1. e4 d5 2. exd5 Nf6 3. d4 Bg4 4. Be2 Bxe2 5. Nxe2 Qxd5 6. O-O e6 7. Bf4 Bd6 8.
Nbc3 Qc6 9. d5 Nxd5 10. Nxd5 Qxd5 11. Qxd5 exd5 12. Bxd6 cxd6 13. Rad1 Nc6 14.
Rxd5 O-O-O 15. Rfd1 Rhe8 16. Kf1 Kc7 17. Nc3 a6 18. R5d2 Ne7 19. Ne2 Nc8 20.
Nf4 Nb6 21. b3 Re5 22. c4 Kc6 23. Nd3 Rh5 24. h3 Re8 25. Nb4+ Kc5 26. Rxd6 Nxc4
27. Nxa6+ bxa6 28. bxc4 Kxc4 29. Rxa6 Rb5 30. Rc6+ Kb4 31. Rb1+ Ka5 32. Rxb5+
Kxb5 33. Rc7 Rf8 34. Ke2 Kb6 35. Re7 Kc6 36. Kd3 Kd6 37. Re1 Ra8 38. Ra1 Kd5
39. a4 Ra6 40. a5 h6 41. f4 g6 42. g4 f6 43. Ra2 Kc5 44. h4 Kd5 45. h5 f5 46.
hxg6 fxg4 47. g7 Ra8 48. a6 Ke6 49. Rb2 g3 50. a7 Kf6 51. Rb8 Kxg7 52. Rxa8 g2
53. Rg8+ 1-0

[Event "XVI C.to Italiano U20"]
[Site "Bratto - Castione della Presolana ITA"]
[Date "2008.08.28"]
[Round "7"]
[White "Serri, Cristiano"]
[Black "Mandelli, Giacomo"]
[Result "0-1"]
[WhiteElo "1542"]
[BlackElo "1602"]
[PlyCount "102"]
[EventDate "2008.08.22"]

1. e4 d6 2. d4 g6 3. Nf3 Bg7 4. c3 Nd7 5. Be3 b6 6. Nbd2 Bb7 7. Bd3 e6 8. O-O
Ne7 9. Ne1 O-O 10. Nc2 h6 11. f4 f5 12. Qe2 Nf6 13. e5 Ne4 14. Bxe4 Bxe4 15.
Nxe4 fxe4 16. Rad1 d5 17. g4 Qd7 18. b4 a6 19. h4 Qb5 20. Rde1 Qxe2 21. Rxe2 h5
22. Rg2 hxg4 23. Rxg4 Kf7 24. Rf2 Rg8 25. Rfg2 Bh6 26. a4 a5 27. b5 Nf5 28. Kf2
Rac8 29. Na3 Bf8 30. Bc1 Bxa3 31. Bxa3 Rg7 32. Rg1 c6 33. Rc1 cxb5 34. axb5 Rc4
35. Ke1 Rh7 36. Kd2 Nxh4 37. Bd6 Nf3+ 38. Ke3 Nxd4 39. cxd4 Rxc1 40. Rg2 Rb1
41. Bc7 Rb3+ 42. Kf2 Rb2+ 43. Kg1 Rxg2+ 44. Kxg2 Ke8 45. Bxb6 a4 46. Bc5 Rb7
47. b6 Kd7 48. Kf2 Kc6 49. Ke2 Kb5 50. Kd2 Kc4 51. Ke2 Kb3 0-1

[Event "XVI C.to Italiano U20"]
[Site "Bratto - Castione della Presolana ITA"]
[Date "2008.08.28"]
[Round "7"]
[White "Stella, Andrea"]
[Black "Xia, Jie"]
[Result "1-0"]
[WhiteElo "2209"]
[BlackElo "2181"]
[PlyCount "55"]
[EventDate "2008.08.22"]

1. d4 Nf6 2. c4 e6 3. Nf3 Bb4+ 4. Bd2 Qe7 5. g3 b6 6. Bg2 Bb7 7. O-O O-O 8. Qc2
Bxd2 9. Nbxd2 d6 10. e4 e5 11. Nh4 g6 12. f4 Ng4 13. Qd3 exd4 14. Qxd4 Nc6 15.
Qc3 Qf6 16. e5 dxe5 17. h3 Nd4 18. Rae1 Bxg2 19. Kxg2 Nh6 20. fxe5 Qd8 21. Ne4
Nhf5 22. g4 Ng7 23. Nf6+ Kh8 24. Qe3 Ne8 25. Nd5 Ne6 26. Nf4 Nxf4+ 27. Qxf4 c6
28. Qh6 1-0

[Event "XVI C.to Italiano U20"]
[Site "Bratto - Castione della Presolana ITA"]
[Date "2008.08.28"]
[Round "7"]
[White "Valsecchi, Alessio"]
[Black "Pomaro, Alberto"]
[Result "1-0"]
[WhiteElo "2298"]
[BlackElo "2246"]
[PlyCount "53"]
[EventDate "2008.08.22"]

1. e4 e6 2. Nc3 d5 3. d4 Bb4 4. a3 Bxc3+ 5. bxc3 dxe4 6. Qg4 Nf6 7. Qxg7 Rg8 8.
Qh6 Nbd7 9. a4 c5 10. a5 e5 11. Ne2 Rg6 12. Qd2 Qc7 13. dxe5 Nxe5 14. Nf4 Rg8
15. Nd5 Nxd5 16. Qxd5 Be6 17. Bb5+ Ke7 18. Qxe4 Rg4 19. Qe3 Rag8 20. f4 Ng6 21.
g3 Rxf4 22. gxf4 Nh4 23. Kd1 a6 24. Bd3 Ng2 25. Qe5 Qc6 26. Rf1 Kd7 27. Bd2 1-0

[Event "XVI C.to Italiano U20"]
[Site "Bratto - Castione della Presolana ITA"]
[Date "2008.08.29"]
[Round "8"]
[White "Altini, Nicola"]
[Black "Piccirillo, Edoardo"]
[Result "1-0"]
[WhiteElo "2007"]
[BlackElo "2111"]
[PlyCount "69"]
[EventDate "2008.08.22"]

1. Nf3 Nf6 2. g3 g6 3. Bg2 Bg7 4. O-O O-O 5. d3 d5 6. Nbd2 c6 7. e4 e6 8. e5
Nfd7 9. d4 c5 10. c3 Nc6 11. Re1 Qc7 12. Nf1 b6 13. Bf4 Ba6 14. Ne3 Qb7 15. h4
cxd4 16. cxd4 Nb4 17. Bf1 Bxf1 18. Rxf1 Rfc8 19. Qd2 Nc6 20. h5 Qa6 21. hxg6
hxg6 22. Ng4 Qa5 23. Qe3 Ne7 24. Nh4 Nf5 25. Nxf5 gxf5 26. Bh6 fxg4 27. Qg5 Kf8
28. Qxg7+ Ke7 29. Qg5+ Ke8 30. Qg8+ Ke7 31. Bg5+ f6 32. Qg7+ Kd8 33. exf6 Qa4
34. Rac1 Rc6 35. Qg8+ 1-0

[Event "XVI C.to Italiano U20"]
[Site "Bratto - Castione della Presolana ITA"]
[Date "2008.08.29"]
[Round "8"]
[White "Cinque, Antonio"]
[Black "Gonella, Daniele"]
[Result "1-0"]
[WhiteElo "1867"]
[BlackElo "1739"]
[PlyCount "65"]
[EventDate "2008.08.22"]

1. e4 g6 2. d4 Bg7 3. Nc3 c6 4. Be3 d5 5. Nf3 Nf6 6. e5 Nfd7 7. Qd2 Nb6 8.
O-O-O Bf5 9. Nh4 Be6 10. f4 N8d7 11. Qf2 Bg4 12. Re1 Bf5 13. h3 h5 14. Be2 Qc7
15. g4 hxg4 16. hxg4 Be4 17. Nxe4 dxe4 18. f5 g5 19. f6 exf6 20. Nf5 Rg8 21.
Nd6+ Ke7 22. Nxe4 Nd5 23. Bc4 Raf8 24. Bxd5 cxd5 25. exf6+ Kd8 26. fxg7 Rxg7
27. Nc3 Nb6 28. Qf6+ Kd7 29. Qxg7 Rc8 30. Qxf7+ Kc6 31. Qxc7+ Rxc7 32. Rh6+ Kd7
33. Bxg5 1-0

[Event "XVI C.to Italiano U20"]
[Site "Bratto - Castione della Presolana ITA"]
[Date "2008.08.29"]
[Round "8"]
[White "Codenotti, Marco"]
[Black "Marsili, Riccardo"]
[Result "1-0"]
[WhiteElo "2055"]
[BlackElo "1817"]
[PlyCount "41"]
[EventDate "2008.08.22"]

1. e4 c5 2. Nf3 Nc6 3. d4 cxd4 4. Nxd4 g6 5. Nc3 Nf6 6. Nxc6 bxc6 7. e5 Nh5 8.
Bc4 d5 9. exd6 exd6 10. O-O d5 11. Re1+ Be6 12. Nxd5 cxd5 13. Bxd5 Rb8 14. Bc6+
Ke7 15. Bg5+ f6 16. Qg4 Qd6 17. Qf3 fxg5 18. Rad1 Qc7 19. Rxe6+ Kxe6 20. Re1+
Qe5 21. Qd5+ 1-0

[Event "XVI C.to Italiano U20"]
[Site "Bratto - Castione della Presolana ITA"]
[Date "2008.08.29"]
[Round "8"]
[White "Delledonne, Francesco"]
[Black "Xia, Jie"]
[Result "1/2-1/2"]
[WhiteElo "1943"]
[BlackElo "2181"]
[PlyCount "104"]
[EventDate "2008.08.22"]

1. d4 Nf6 2. c4 e6 3. Nf3 Bb4+ 4. Bd2 Qe7 5. g3 Ne4 6. Qc2 f5 7. Bg2 b6 8. Nc3
Bxc3 9. Bxc3 Bb7 10. O-O O-O 11. Nd2 d5 12. cxd5 exd5 13. Nxe4 fxe4 14. f3 Nd7
15. fxe4 dxe4 16. Qb3+ Kh8 17. Bb4 c5 18. dxc5 Nxc5 19. Qe3 Rac8 20. Rxf8+ Qxf8
21. Rc1 h6 22. Bxc5 Rxc5 23. Rxc5 bxc5 24. h3 Qd6 25. Kh2 Qd4 26. Qc3 Bd5 27.
a3 Kh7 28. e3 Qxc3 29. bxc3 Kg6 30. Bf1 Bb3 31. h4 Kf6 32. Be2 Ke5 33. Kh3 g6
34. Bb5 Bd1 35. Be8 g5 36. hxg5 hxg5 37. Bd7 Kd5 38. Bb5 Kd6 39. Be8 Kc7 40.
Bb5 Kb6 41. Bd7 Kc7 42. Bg4 Bc2 43. Be2 Kd6 44. Bh5 Kd5 45. Bf7+ Ke5 46. Kg4
Kf6 47. Bg8 Ba4 48. Kh5 Bd1+ 49. g4 a5 50. Bd5 Bc2 51. Bg8 a4 52. Bd5 Bd3
1/2-1/2

[Event "XVI C.to Italiano U20"]
[Site "Bratto - Castione della Presolana ITA"]
[Date "2008.08.29"]
[Round "8"]
[White "Dvirnyy, Danyyil"]
[Black "Bonafede, Alessandro"]
[Result "1/2-1/2"]
[WhiteElo "2358"]
[BlackElo "2329"]
[PlyCount "53"]
[EventDate "2008.08.22"]

1. e4 c5 2. Nf3 Nc6 3. d4 cxd4 4. Nxd4 Nf6 5. Nc3 e5 6. Ndb5 d6 7. Bg5 a6 8.
Na3 b5 9. Nd5 Be7 10. Bxf6 Bxf6 11. c3 Rb8 12. Nc2 O-O 13. a4 bxa4 14. Ncb4
Nxb4 15. cxb4 Be6 16. Rxa4 Bxd5 17. Qxd5 a5 18. b5 Rc8 19. Rc4 Qb6 20. Bd3 Bg5
21. O-O Bd2 22. Rxc8 Rxc8 23. Bc4 Qc7 24. b6 Qxb6 25. Qxf7+ Kh8 26. b3 Qc7 27.
Qxc7 1/2-1/2

[Event "XVI C.to Italiano U20"]
[Site "Bratto - Castione della Presolana ITA"]
[Date "2008.08.29"]
[Round "8"]
[White "Fossati, Remigio"]
[Black "Stella, Andrea"]
[Result "1/2-1/2"]
[WhiteElo "2191"]
[BlackElo "2209"]
[PlyCount "93"]
[EventDate "2008.08.22"]

1. d4 Nf6 2. c4 e6 3. Nc3 Bb4 4. e3 b6 5. Nge2 c5 6. a3 Ba5 7. Rb1 Na6 8. Bd2
O-O 9. Ng3 Bb7 10. Bd3 cxd4 11. exd4 Bxc3 12. Bxc3 d5 13. O-O dxc4 14. Bxc4 Rc8
15. Qe2 Nb8 16. Rbd1 Rxc4 17. Qxc4 Ba6 18. Qa4 Bxf1 19. Nxf1 Qd7 20. Qc2 Rc8
21. Qe2 Nd5 22. Qf3 Qc7 23. Rd3 Nd7 24. Bd2 N7f6 25. b3 Qd6 26. a4 Ne7 27. Bg5
Qd5 28. Bxf6 Qxf3 29. Rxf3 gxf6 30. Rd3 Nd5 31. g3 Nb4 32. Rd1 Rc3 33. Ne3 Nd5
34. Nxd5 exd5 35. Re1 Rxb3 36. Re7 a5 37. Rd7 Rb4 38. Rxd5 Rxa4 39. Rd8+ Kg7
40. Rb8 Rxd4 41. Rxb6 a4 42. Ra6 f5 43. Kg2 f4 44. g4 Rb4 45. Kf3 h6 46. Kg2
Rc4 47. Kf3 1/2-1/2

[Event "XVI C.to Italiano U20"]
[Site "Bratto - Castione della Presolana ITA"]
[Date "2008.08.29"]
[Round "8"]
[White "Franciosi, Fausto"]
[Black "Guidi, Giacomo"]
[Result "1/2-1/2"]
[WhiteElo "1850"]
[BlackElo "1526"]
[PlyCount "91"]
[EventDate "2008.08.22"]

1. d4 f5 2. Bg5 h6 3. Bh4 g5 4. e4 Nf6 5. e5 e6 6. exf6 Qxf6 7. Bg3 f4 8. Be2
Bg7 9. Bh5+ Kd8 10. Nf3 Rf8 11. O-O d6 12. Nbd2 Bd7 13. Qe2 Be8 14. Bg4 Bf7 15.
h4 fxg3 16. fxg3 Qe7 17. hxg5 hxg5 18. Ne4 c6 19. c3 Bh6 20. Qe3 Kc7 21. Nexg5
Rg8 22. Nxe6+ Qxe6 23. Qxe6 Bxe6 24. Bxe6 Rxg3 25. Rae1 Na6 26. Nh4 Re3 27.
Rxe3 Bxe3+ 28. Kh2 Rh8 29. g3 d5 30. Rf7+ Kb6 31. Kg2 Bg5 32. Nf3 Bc1 33. b3
Re8 34. Bf5 Re2+ 35. Kh3 Rxa2 36. g4 Rb2 37. g5 Bxg5 38. Nxg5 Rxb3 39. Bc8
Rxc3+ 40. Kg4 Kb5 41. Rxb7+ Kc4 42. Ne6 Nb4 43. Rxa7 Re3 44. Kf5 Nc2 45. Bd7
Nxd4+ 46. Nxd4 1/2-1/2

[Event "XVI C.to Italiano U20"]
[Site "Bratto - Castione della Presolana ITA"]
[Date "2008.08.29"]
[Round "8"]
[White "Gallana, Marco"]
[Black "Piccoli, Vincenzo"]
[Result "0-1"]
[WhiteElo "1960"]
[BlackElo "1932"]
[PlyCount "78"]
[EventDate "2008.08.22"]

1. d4 Nf6 2. c4 e6 3. Nf3 b6 4. g3 Bb7 5. Bg2 Be7 6. O-O O-O 7. Nc3 Ne4 8. d5
Nxc3 9. bxc3 Bf6 10. Nd4 e5 11. Nf5 d6 12. e4 Nd7 13. h4 Ba6 14. Qe2 Nc5 15.
Ne3 Qd7 16. Ba3 Nb7 17. Bb4 g6 18. Rfd1 Bg7 19. Qc2 Nd8 20. a4 f6 21. a5 Bh6
22. axb6 axb6 23. Qe2 Bxe3 24. Qxe3 Nf7 25. Ra3 Bxc4 26. Rda1 Rxa3 27. Rxa3 Kg7
28. Qc1 Nh6 29. Ra7 Rf7 30. Qa1 Qg4 31. Qe1 Be2 32. Kh2 f5 33. Ba3 Qh5 34. Bc1
f4 35. Bh3 Ng4+ 36. Kg1 fxg3 37. fxg3 Nf2 38. Be6 Qf3 39. Bxf7 Qxg3# 0-1

[Event "XVI C.to Italiano U20"]
[Site "Bratto - Castione della Presolana ITA"]
[Date "2008.08.29"]
[Round "8"]
[White "Ghedin, Emanuele"]
[Black "Rizza, Francesco"]
[Result "0-1"]
[WhiteElo "1824"]
[BlackElo "1924"]
[PlyCount "56"]
[EventDate "2008.08.22"]

1. d4 e6 2. c4 f5 3. Nf3 Nf6 4. g3 Be7 5. Bg2 O-O 6. O-O d6 7. Nc3 Qe8 8. Qc2
Nc6 9. Rd1 Qh5 10. c5 dxc5 11. dxc5 Bxc5 12. Nb5 Bb6 13. Bf4 Ng4 14. Bxc7 Bxf2+
15. Kh1 f4 16. Bxf4 Qxb5 17. Ng5 Nf6 18. e3 e5 19. a4 Qb4 20. Bd5+ Kh8 21. Bxc6
bxc6 22. Bxe5 Bxe3 23. Bxf6 Bxg5 24. Bxg5 Bg4 25. Re1 Rab8 26. Be7 Qd4 27. h3
Bf3+ 28. Kh2 Rxb2 0-1

[Event "XVI C.to Italiano U20"]
[Site "Bratto - Castione della Presolana ITA"]
[Date "2008.08.29"]
[Round "8"]
[White "Lapenna, Antonio"]
[Black "Sellitti, Federico"]
[Result "1-0"]
[WhiteElo "2118"]
[BlackElo "2158"]
[PlyCount "93"]
[EventDate "2008.08.22"]

1. e4 b6 2. c4 e5 3. Nf3 Nc6 4. g3 g6 5. Bg2 Bg7 6. Nc3 Nge7 7. d3 O-O 8. O-O
Bb7 9. Rb1 a5 10. a3 Nd4 11. b4 Nec6 12. Ne1 Rb8 13. Nd5 Ne7 14. Bg5 f6 15. Bd2
c6 16. Nxe7+ Qxe7 17. bxa5 bxa5 18. Bxa5 Ba6 19. Bb4 c5 20. Bd2 Qd6 21. Rxb8
Rxb8 22. Nc2 Rb3 23. Nxd4 Rxd3 24. Qc2 Qxd4 25. Be3 Qxc4 26. Qxc4+ Bxc4 27. Rc1
Ba6 28. Bxc5 Rb3 29. Bf1 Bxf1 30. Kxf1 Bf8 31. Bxf8 Kxf8 32. Ra1 Ke7 33. a4 Kd6
34. Ke2 Kc5 35. a5 Rb7 36. Kd3 Ra7 37. f4 d5 38. fxe5 fxe5 39. exd5 Kxd5 40. a6
h5 41. Ra5+ Ke6 42. Ke4 Kf6 43. h3 g5 44. g4 h4 45. Ra2 Ke6 46. Ra3 Kf6 47. Ra5
1-0

[Event "XVI C.to Italiano U20"]
[Site "Bratto - Castione della Presolana ITA"]
[Date "2008.08.29"]
[Round "8"]
[White "Lettieri, Giuseppe"]
[Black "Valsecchi, Alessio"]
[Result "1/2-1/2"]
[WhiteElo "2322"]
[BlackElo "2298"]
[PlyCount "103"]
[EventDate "2008.08.22"]

1. e4 e5 2. Nf3 Nc6 3. d4 exd4 4. Nxd4 Nf6 5. Nxc6 bxc6 6. Bd3 d5 7. exd5 cxd5
8. O-O Be7 9. c4 d4 10. Nd2 O-O 11. Ne4 Rb8 12. Ng3 Re8 13. Qa4 Rb6 14. Re1 c5
15. Bg5 Qd7 16. Qc2 g6 17. Re2 Re6 18. Rae1 Qc6 19. Rxe6 Bxe6 20. Qd2 Nd7 21.
h4 f6 22. Bf4 Bd6 23. h5 Bf7 24. Rxe8+ Bxe8 25. hxg6 hxg6 26. Ne4 Be5 27. b3 f5
28. Ng5 Qd6 29. Bxe5 Qxe5 30. f4 Qe7 31. Qe2 Qxe2 32. Bxe2 Bf7 33. Kf2 Kf8 34.
Bf3 Ke7 35. Ke2 Nf6 36. Nh3 Kd6 37. Nf2 Be8 38. Kd3 a5 39. a3 Nd7 40. Kc2 Bf7
41. a4 Nf6 42. Nd3 Be8 43. Ne5 g5 44. fxg5 Kxe5 45. gxf6 Kxf6 46. g3 Ke5 47.
Kd2 Bg6 48. Bg2 Bh5 49. Bf1 Bg4 50. Bg2 Bh5 51. Bf1 Bg4 52. Bg2 1/2-1/2

[Event "XVI C.to Italiano U20"]
[Site "Bratto - Castione della Presolana ITA"]
[Date "2008.08.29"]
[Round "8"]
[White "Locci, Damiano"]
[Black "Caldonazzo, Matteo"]
[Result "1-0"]
[WhiteElo "2094"]
[BlackElo "1515"]
[PlyCount "49"]
[EventDate "2008.08.22"]

1. c4 Nf6 2. Nc3 e6 3. e4 d6 4. d4 Be7 5. f4 O-O 6. Nf3 c5 7. d5 exd5 8. cxd5
Nbd7 9. Bd3 Re8 10. O-O Qc7 11. b3 a6 12. Bb2 b5 13. Rc1 Qb6 14. Kh1 Bf8 15. e5
dxe5 16. fxe5 Ng4 17. e6 fxe6 18. Bxh7+ Kxh7 19. Ng5+ Kg8 20. Qxg4 Nf6 21. Qh4
Be7 22. Nce4 Ra7 23. Nxf6+ Bxf6 24. Qh7+ Kf8 25. Bxf6 1-0

[Event "XVI C.to Italiano U20"]
[Site "Bratto - Castione della Presolana ITA"]
[Date "2008.08.29"]
[Round "8"]
[White "Mandelli, Giacomo"]
[Black "Bellemo, Davide"]
[Result "1/2-1/2"]
[WhiteElo "1602"]
[BlackElo "2055"]
[PlyCount "91"]
[EventDate "2008.08.22"]

1. e4 e5 2. Nc3 Nf6 3. Bc4 Nc6 4. d3 Bc5 5. Nf3 d6 6. Bg5 h6 7. Bh4 Be6 8. Bb3
g5 9. Bg3 Qd7 10. Na4 Bb6 11. Nxb6 axb6 12. c3 O-O-O 13. Nd2 d5 14. f3 Nh5 15.
Ba4 Nf4 16. Bxf4 gxf4 17. exd5 Qxd5 18. Bc2 Ne7 19. Qe2 Nf5 20. Nc4 f6 21. Bb3
Qd7 22. a4 Kb8 23. O-O-O Ne3 24. Nxe3 Bxb3 25. Nc2 Qxa4 26. d4 Rhe8 27. dxe5
fxe5 28. Qe4 Qxe4 29. Rxd8+ Rxd8 30. fxe4 Rg8 31. Ne1 Ba4 32. g3 Rg4 33. Nd3
fxg3 34. hxg3 Rxe4 35. Rh4 Rxh4 36. gxh4 e4 37. Nf2 Kc8 38. Kd2 Kd7 39. Ng4 Ke6
40. Nxh6 Be8 41. Ke3 Bg6 42. Ng4 c5 43. Kf4 b5 44. Ne3 b4 45. cxb4 cxb4 46. h5
1/2-1/2

[Event "XVI C.to Italiano U20"]
[Site "Bratto - Castione della Presolana ITA"]
[Date "2008.08.29"]
[Round "8"]
[White "Marincolo, Piercarlo"]
[Black "Ferrante, Marco"]
[Result "0-1"]
[WhiteElo "1945"]
[BlackElo "2142"]
[PlyCount "58"]
[EventDate "2008.08.22"]

1. c4 c6 2. d4 d5 3. Nf3 Nf6 4. e3 e6 5. Nc3 Nbd7 6. Bd3 dxc4 7. Bxc4 b5 8. Bd3
a6 9. O-O c5 10. Bd2 Bb7 11. Re1 Qb6 12. Rc1 Be7 13. Bb1 O-O 14. Ne2 Rac8 15.
Ng3 Rfd8 16. dxc5 Bxc5 17. Qe2 a5 18. Red1 b4 19. Qe1 Ng4 20. Ng5 Ndf6 21. N3e4
Be7 22. Rxc8 Bxc8 23. Bc1 Bb7 24. Rxd8+ Qxd8 25. Qd2 Qb8 26. h3 Nxe4 27. Nxe4
Qh2+ 28. Kf1 Qh1+ 29. Ke2 Ne5 0-1

[Event "XVI C.to Italiano U20"]
[Site "Bratto - Castione della Presolana ITA"]
[Date "2008.08.29"]
[Round "8"]
[White "Pomaro, Alberto"]
[Black "Grandinetti, Pietro"]
[Result "1-0"]
[WhiteElo "2246"]
[BlackElo "2011"]
[PlyCount "61"]
[EventDate "2008.08.22"]

1. e4 c5 2. Nf3 Nc6 3. d4 cxd4 4. Nxd4 Nf6 5. Nc3 e5 6. Ndb5 d6 7. Nd5 Nxd5 8.
exd5 Nb8 9. c4 a6 10. Nc3 Be7 11. Be2 O-O 12. O-O Nd7 13. f3 f5 14. Be3 Bg5 15.
Bf2 Qe7 16. Qc2 Bh4 17. g3 Bg5 18. b4 b6 19. Bd3 g6 20. Na4 e4 21. fxe4 b5 22.
Nb6 Nxb6 23. Bxb6 fxe4 24. Rxf8+ Qxf8 25. Bxe4 bxc4 26. Rf1 Qe7 27. Bxg6 Bh3
28. Bf7+ Kg7 29. Qc3+ Bf6 30. Rxf6 Qxf6 31. Bd4 1-0

[Event "XVI C.to Italiano U20"]
[Site "Bratto - Castione della Presolana ITA"]
[Date "2008.08.29"]
[Round "8"]
[White "Pulcini, Giorgio"]
[Black "Zanchetta, Nicola"]
[Result "1/2-1/2"]
[WhiteElo "1676"]
[BlackElo "1777"]
[PlyCount "61"]
[EventDate "2008.08.22"]

1. e4 g6 2. d4 Bg7 3. Bc4 e6 4. Nc3 d6 5. Nf3 h6 6. b3 a6 7. a4 b6 8. Bb2 Ne7
9. Qc1 Bb7 10. O-O Nd7 11. d5 e5 12. b4 g5 13. h3 Ng6 14. Ne2 Nf6 15. Bd3 Nh5
16. Bc3 Nhf4 17. Nxf4 Nxf4 18. Bd2 Bc8 19. Bxf4 gxf4 20. c4 Bf6 21. c5 Rg8 22.
Kh2 Bd7 23. cxb6 cxb6 24. b5 a5 25. Qd2 Ke7 26. g3 Bg5 27. Nxg5 hxg5 28. g4 Rh8
29. f3 Rh6 30. Rh1 Rc8 31. Rac1 1/2-1/2

[Event "XVI C.to Italiano U20"]
[Site "Bratto - Castione della Presolana ITA"]
[Date "2008.08.29"]
[Round "8"]
[White "Regorda, Massimiliano"]
[Black "Cantu', Guido"]
[Result "1/2-1/2"]
[WhiteElo "1907"]
[BlackElo "1896"]
[PlyCount "41"]
[EventDate "2008.08.22"]

1. e4 c5 2. Nf3 d6 3. Bb5+ Nc6 4. Bxc6+ bxc6 5. c3 Nf6 6. Qe2 e5 7. h3 Be7 8.
O-O O-O 9. d4 cxd4 10. cxd4 Qc7 11. dxe5 dxe5 12. Nc3 a5 13. Rd1 Ba6 14. Qc2
Rfd8 15. Bg5 Rxd1+ 16. Rxd1 Rd8 17. Rxd8+ Bxd8 18. Bxf6 Bxf6 19. Nd5 Qd6 20.
Nxf6+ gxf6 21. Qc3 1/2-1/2

[Event "XVI C.to Italiano U20"]
[Site "Bratto - Castione della Presolana ITA"]
[Date "2008.08.29"]
[Round "8"]
[White "Rombaldoni, Axel"]
[Black "Cuppone, Damiano"]
[Result "1-0"]
[WhiteElo "2374"]
[BlackElo "1921"]
[PlyCount "43"]
[EventDate "2008.08.22"]

1. e4 c5 2. Nf3 e6 3. d4 cxd4 4. Nxd4 Nf6 5. Nc3 d6 6. Be3 Be7 7. Bc4 O-O 8.
Qe2 a6 9. Bb3 Qc7 10. g4 Nc6 11. O-O-O Nxd4 12. Rxd4 e5 13. Rc4 Qd8 14. g5 Ng4
15. Rxc8 Qxc8 16. Nd5 Bd8 17. Bd2 Nxf2 18. Qxf2 Qg4 19. Qf5 Qxf5 20. exf5 Rc8
21. h4 Re8 22. g6 1-0

[Event "XVI C.to Italiano U20"]
[Site "Bratto - Castione della Presolana ITA"]
[Date "2008.08.29"]
[Round "8"]
[White "Rombaldoni, Brian"]
[Black "Coladangelo, Andrea"]
[Result "1/2-1/2"]
[WhiteElo "1797"]
[BlackElo "1866"]
[PlyCount "144"]
[EventDate "2008.08.22"]

1. d4 Nf6 2. Nf3 g6 3. Bg5 Bg7 4. Nbd2 O-O 5. e4 d6 6. h3 Nbd7 7. Bc4 h6 8. Bh4
c6 9. Bb3 d5 10. Qe2 Qe8 11. Bg3 a5 12. a4 b6 13. e5 Nh5 14. Bh2 Bh8 15. e6 Nb8
16. exf7+ Qxf7 17. g4 Nf4 18. Bxf4 Qxf4 19. c3 Rf6 20. O-O-O Re6 21. Qd3 Ba6
22. c4 Nd7 23. Rhe1 Qf6 24. Rxe6 Qxe6 25. Re1 Qd6 26. Qe3 Kf8 27. Qxh6+ Bg7 28.
Qe3 dxc4 29. Nxc4 Bxc4 30. Bxc4 Qb4 31. Qe6 Ke8 32. Qxg6+ Kd8 33. Qxg7 Qxc4+
34. Kd2 Qb4+ 35. Ke3 Kc7 36. d5 Rf8 37. Nd2 Qf4+ 38. Kd3 Nc5+ 39. Kc2 Qxa4+ 40.
Kb1 Nd7 41. Qxe7 cxd5 42. Rc1+ Kb7 43. Qd6 Rc8 44. Qxd5+ Kb8 45. Rxc8+ Kxc8 46.
Qc4+ Qxc4 47. Nxc4 Kd8 48. Kc2 Ke7 49. Kd3 Kf6 50. h4 a4 51. f3 Ke6 52. h5 b5
53. Nd2 Nb6 54. h6 Kf6 55. g5+ Kg6 56. f4 Nd5 57. Ke4 Ne7 58. Nf3 b4 59. Ne5+
Kh7 60. Kd4 a3 61. bxa3 bxa3 62. Kc3 Nd5+ 63. Kb3 Nxf4 64. Ng4 Kg6 65. Ne5+ Kh7
66. Nd7 Kg6 67. Nf8+ Kf7 68. h7 Kg7 69. Kxa3 Nh3 70. g6 Nf4 71. Kb4 Nxg6 72.
Nxg6 Kxh7 1/2-1/2

[Event "XVI C.to Italiano U20"]
[Site "Bratto - Castione della Presolana ITA"]
[Date "2008.08.29"]
[Round "8"]
[White "Serri, Cristiano"]
[Black "Capito', Mario"]
[Result "1-0"]
[WhiteElo "1542"]
[BlackElo "1455"]
[PlyCount "73"]
[EventDate "2008.08.22"]

1. e4 d5 2. exd5 Nf6 3. Nf3 Bg4 4. Be2 Qxd5 5. Nc3 Qa5 6. O-O c6 7. Nd4 Bxe2 8.
Qxe2 Nbd7 9. Nb3 Qc7 10. d4 e6 11. Be3 Be7 12. Qd3 O-O 13. f4 Nd5 14. Nxd5 exd5
15. c3 Nf6 16. h3 Rfe8 17. g4 Bd6 18. Rf3 Re7 19. Nd2 Rae8 20. Nf1 c5 21. Ng3
Ne4 22. Nf5 Re6 23. Raf1 g6 24. Nh6+ Kh8 25. Bc1 Bf8 26. f5 gxf5 27. Nxf5 c4
28. Qc2 Ng5 29. Bxg5 Re2 30. Bf4 Qb6 31. Qc1 Rxb2 32. Ne3 Ba3 33. Nc2 Re2 34.
Nxa3 Rxa2 35. Re3 Rg2+ 36. Kh1 Qb3 37. Re8+ 1-0

[Event "XVI C.to Italiano U20"]
[Site "Bratto - Castione della Presolana ITA"]
[Date "2008.08.29"]
[Round "8"]
[White "Sfera, Mattia"]
[Black "Andreoni, Giuseppe"]
[Result "0-1"]
[WhiteElo "1893"]
[BlackElo "1993"]
[PlyCount "76"]
[EventDate "2008.08.22"]

1. e4 c5 2. Nf3 d6 3. d4 cxd4 4. Nxd4 Nf6 5. Nc3 a6 6. f3 e5 7. Nb3 Be6 8. Be3
Be7 9. Qd2 Nbd7 10. O-O-O O-O 11. g4 b5 12. Nd5 Bxd5 13. exd5 Nb6 14. Bxb6 Qxb6
15. h4 a5 16. Kb1 a4 17. Nc1 Rfc8 18. Qb4 Rc5 19. c4 Qc7 20. g5 Nh5 21. cxb5
Nf4 22. Bd3 g6 23. Be4 Qb6 24. Qd2 Rxb5 25. Rh2 Rb8 26. Qf2 Qb7 27. Qd2 Bd8 28.
Nd3 Ba5 29. Qc2 Nxd5 30. Bxd5 Qxd5 31. h5 a3 32. hxg6 fxg6 33. b3 Rxb3+ 34.
axb3 Rxb3+ 35. Nb2 Rxb2+ 36. Qxb2 Qxd1+ 37. Qc1 Qb3+ 38. Rb2 Qxb2+ 0-1

[Event "XVI C.to Italiano U20"]
[Site "Bratto - Castione della Presolana ITA"]
[Date "2008.08.30"]
[Round "9"]
[White "Andreoni, Giuseppe"]
[Black "Fossati, Remigio"]
[Result "1/2-1/2"]
[WhiteElo "1993"]
[BlackElo "2191"]
[PlyCount "29"]
[EventDate "2008.08.22"]

1. e4 c5 2. Nf3 d6 3. d4 cxd4 4. Nxd4 Nf6 5. Nc3 g6 6. Be3 Bg7 7. f3 O-O 8. Qd2
Nc6 9. O-O-O d5 10. Kb1 Nxd4 11. Bxd4 dxe4 12. Bxf6 Qxd2 13. Rxd2 Bxf6 14. Nxe4
Bg7 15. g4 1/2-1/2

[Event "XVI C.to Italiano U20"]
[Site "Bratto - Castione della Presolana ITA"]
[Date "2008.08.30"]
[Round "9"]
[White "Bellemo, Davide"]
[Black "Marincolo, Piercarlo"]
[Result "1-0"]
[WhiteElo "2055"]
[BlackElo "1945"]
[PlyCount "75"]
[EventDate "2008.08.22"]

1. d4 f5 2. g3 e6 3. Bg2 d5 4. c4 c6 5. cxd5 exd5 6. Nf3 Nf6 7. O-O Bd6 8. Nc3
O-O 9. e3 Nbd7 10. Nd2 Qe8 11. Qe2 Ng4 12. e4 dxe4 13. Ndxe4 fxe4 14. Qxg4 Nf6
15. Qe2 Bg4 16. Qc2 Bf3 17. Bg5 Bxg2 18. Kxg2 Qg6 19. Bxf6 Qxf6 20. Qxe4 Rae8
21. Qd3 Qf7 22. Ne4 Qd5 23. f3 Bc7 24. Nc3 Qd7 25. Rae1 Rd8 26. Re4 Rf6 27.
Rfe1 Rh6 28. h4 Bb6 29. Qc4+ Kf8 30. d5 cxd5 31. Nxd5 Qxd5 32. Re8+ Kf7 33.
R1e7+ Kf6 34. Re6+ Kf7 35. Qf4+ Rf6 36. R6e7+ Kg6 37. Qg4+ Kh6 38. Qxg7+ 1-0